|
|
|
|
| LEADER |
00000cam a2200000 a 4500 |
| 001 |
vtls008339398 |
| 003 |
SK-MaSNL |
| 005 |
20260301123208.0 |
| 008 |
250414s1975 xo oal jr 000 0 slo |
| 015 |
|
|
|a SNBA1975/12-03538
|
| 035 |
|
|
|a SK01SNK19750031615
|
| 035 |
|
|
|a 1566F81F-577C-41E9-B029-3D3D4B1DA875
|
| 035 |
|
|
|a urn:nbn:sk:snk-am00ij2p
|
| 035 |
|
|
|a SKM000034078
|
| 040 |
|
|
|a SNK
|b slo
|c SNK
|e AACR2
|
| 041 |
0 |
|
|a slo
|
| 044 |
|
|
|a xo
|c SK
|
| 072 |
|
7 |
|a 796
|x Šport. Hry. Telesné cvičenia
|2 konspekt
|
| 072 |
|
7 |
|a 0/9-053.2
|x Literatúra pre deti a mládež (náučná)
|2 konspekt
|
| 080 |
|
|
|a 796.71+629.113(084.1)
|2 1981
|
| 080 |
|
|
|a 629.113(084.1)
|2 1981
|
| 080 |
|
|
|a 629.331
|2 2011
|
| 080 |
|
|
|a (084.11)
|2 2011
|
| 080 |
|
|
|a (0.053.2)
|2 2011
|
| 080 |
|
|
|a 796.71.093
|2 2011
|
| 100 |
1 |
|
|a Hykisch, Anton,
|d 1932-2024
|4 aut
|9 99016
|
| 245 |
1 |
0 |
|a Volanty do nebies
|b kniha o automobilových pretekoch
|c Anton Hykisch ; ilustroval Milan Veselý
|
| 260 |
|
|
|a Bratislava
|b Mladé letá
|c 1975
|e Martin
|f Tlačiarne SNP
|
| 300 |
|
|
|a 314 strán
|b fotografie, ilustrácie, schémy
|c 8°
|
| 366 |
|
|
|e 5000 výtl.
|
| 500 |
|
|
|a Frontispice. Ilustrovaná titulná strana. Predsádky. Výslovnosť
|
| 521 |
1 |
|
|a Pre čitateľov od 13 rokov
|
| 650 |
0 |
7 |
|a automobily
|2 SNKPH
|9 18879
|
| 650 |
0 |
7 |
|a automobilové preteky
|2 SNKPH
|9 69302
|
| 655 |
|
7 |
|a obrazové publikácie
|2 SNKPH
|9 70343
|
| 655 |
|
7 |
|a publikácie pre mládež
|2 SNKPH
|9 70434
|
| 700 |
1 |
|
|a Veselý, Milan,
|d 1939-2015
|4 ill
|9 105300
|
| 852 |
|
|
|a Slovenská národná knižnica
|
| 954 |
|
|
|a obrazové publikácie zamerané na výtv. umenie a fotografiu pôvodné (slovenské)
|2 lita
|
| 958 |
|
|
|a TL
|
| 958 |
|
|
|a RK
|
| 958 |
|
|
|a OND
|
| 958 |
|
|
|a DB
|
| 958 |
|
|
|a EUIPO
|
| 999 |
|
|
|c 735404
|d 737334
|
| 952 |
|
|
|a SNK
|b SNK
|y VYP
|7 0
|p 17A0229626
|o snkSC 38083 D1
|0 0
|1 0
|4 0
|d 2000-02-22
|l 0
|r 2005-01-02 00:00:00
|w 2026-02-23
|
| 952 |
|
|
|a SNK
|b SNK
|y PREZ
|7 0
|p 17A0960846
|o snkSC 38083
|i snkKSP 755/76
|0 0
|1 0
|4 0
|d 2012-11-27
|f 1
|l 0
|r 2025-10-10 00:00:00
|w 2026-02-23
|
| 952 |
|
|
|a SNKLM
|b SNKLM
|y NEVYP
|7 0
|o snklmMK 7282
|8 3
|0 0
|1 0
|4 0
|d 2007-04-24
|l 0
|r 2026-02-23 22:42:46
|w 2026-02-23
|